LEADER 01002cam2-22003371i-450- 001 990005403350403321 005 20060619142803.0 035 $a000540335 035 $aFED01000540335 035 $a(Aleph)000540335FED01 035 $a000540335 100 $a19990604d1975----km-y0itay50------ba 101 1 $aita$cger 102 $aIT 105 $ay-------001yy 200 1 $aGiobbe$ftraduzione e commento di Arthur Weiser$gtrad. it. di Giovanni Casanova$ged. it. di Felice Montagnini 210 $aBrescia$cPaideia$d1975 215 $a412 p.$d21 cm 461 0$1001000580266$12001$aAntico Testamento$v13 610 0 $aBibbia$aAntico Testamento$aGiobbe 676 $a221$v21$zita 702 1$aWeiser,$bArtur 702 1$aCasanova,$bGiovanni 702 1$aMontagnini,$bFelice 801 0$aIT$bUNINA$gRICA$2UNIMARC 901 $aBK 912 $a990005403350403321 952 $a221 ANT 1 (5)$bST. REL. 1469$fFLFBC 959 $aFLFBC 996 $aBibbia. V.T. Giobbe$960918 997 $aUNINA LEADER 03416nam 22007813u 450 001 9910450822203321 005 20210106213805.0 010 $a1-281-09400-5 010 $a9786611094003 010 $a1-59213-405-X 035 $a(CKB)1000000000339854 035 $a(EBL)298879 035 $a(OCoLC)476074969 035 $a(SSID)ssj0000213615 035 $a(PQKBManifestationID)11209896 035 $a(PQKBTitleCode)TC0000213615 035 $a(PQKBWorkID)10151478 035 $a(PQKB)10994814 035 $a(MiAaPQ)EBC298879 035 $a(EXLCZ)991000000000339854 100 $a20131216d2008|||| u|| | 101 0 $aeng 135 $aur|n|---||||| 181 $ctxt 182 $cc 183 $acr 200 10$aOf Others Inside$b[electronic resource] $eInsanity, Addiction And Belonging in America 210 $aPhiladelphia $cTemple University Press$d2008 215 $a1 online resource (248 p.) 300 $aDescription based upon print version of record. 311 $a1-59213-403-3 327 $aContents; Foreword by Bryan S. Turner; Acknowledgments; 1 Introduction: Beyond Objectivism and Subjectivismin the Sociology of Mental Health; Part I: A History of Insanities and Addictions Among Marginalized Americans; 2 Setting the Stage; 3 Addictions and Insanities: Two Fields and Their Phenomena; II A Tale of Two Programs; 4 Canyon House; 5 Twilights; 6 Conclusion; References; Index 330 $aThere is little doubt among scientists and the general public that homelessness, mental illness, and addiction are inter-related. In Of Others Inside, Darin Weinberg examines how these inter-relations have taken form in the United States. He links the establishment of these connections to the movement of mental health and addiction treatment from redemptive processes to punitive ones and back again, and explores the connection between social welfare, rehabilitation, and the criminal justice system. Seeking to offer a new sociological understanding of the relationship betwee 606 $aAddicts 606 $aAddicts - United States - Social conditions 606 $aHomeless persons - Mental health - United States 606 $aHomeless persons - Mental health services - United States 606 $aHomeless persons 606 $aHomelessness 606 $aHomelessness - United States 606 $aMarginality, Social 606 $aMarginality, Social - United States 606 $aMentally ill - United States - Social conditions 606 $aMentally ill 608 $aElectronic books. 615 4$aAddicts. 615 4$aAddicts - United States - Social conditions. 615 4$aHomeless persons - Mental health - United States. 615 4$aHomeless persons - Mental health services - United States. 615 4$aHomeless persons. 615 4$aHomelessness. 615 4$aHomelessness - United States. 615 4$aMarginality, Social. 615 4$aMarginality, Social - United States. 615 4$aMentally ill - United States - Social conditions. 615 4$aMentally ill. 676 $a305.568 676 $a362.2/0973 676 $a362.20973 700 $aWeinberg$b Darin$0895830 702 $aTurner$b Bryan S 801 0$bAU-PeEL 801 1$bAU-PeEL 801 2$bAU-PeEL 906 $aBOOK 912 $a9910450822203321 996 $aOf Others Inside$92001210 997 $aUNINA